The school lunch program. (Record no. 21998)

MARC details
000 -LEADER
fixed length control field 01055cam a22002891 4500
001 - CONTROL NUMBER
control field e 45000018
003 - CONTROL NUMBER IDENTIFIER
control field DLC
005 - DATE AND TIME OF LATEST TRANSACTION
control field 20260227111232.0
008 - FIXED-LENGTH DATA ELEMENTS--GENERAL INFORMATION
fixed length control field 881108s1944 kyuaek b s000 0 eng c
010 ## - LIBRARY OF CONGRESS CONTROL NUMBER
LC control number e 45000018
035 ## - SYSTEM CONTROL NUMBER
System control number (OCoLC)18723461
040 ## - CATALOGING SOURCE
Original cataloging agency U.S. Off. of Educ. Library
Transcribing agency MsU
Modifying agency DLC
042 ## - AUTHENTICATION CODE
Authentication code premarc
050 00 - LIBRARY OF CONGRESS CALL NUMBER
Classification number L152
Item number .B35 vol. 12, no. 5
082 ## - DEWEY DECIMAL CLASSIFICATION NUMBER
Classification number 371.716
110 1# - MAIN ENTRY--CORPORATE NAME
Corporate name or jurisdiction name as entry element Kentucky.
Subordinate unit Department of Education.
245 14 - TITLE STATEMENT
Title The school lunch program.
260 ## - PUBLICATION, DISTRIBUTION, ETC.
Place of publication, distribution, etc. Frankfort, Ky.,
Name of publisher, distributor, etc. Dept. of Education,
Date of publication, distribution, etc. 1944.
300 ## - PHYSICAL DESCRIPTION
Extent [127]-157 p. incl. illus. (plan) forms.
Dimensions 23 cm.
490 1# - SERIES STATEMENT
Series statement Its Educational bulletin,
Volume/sequential designation vol. XII, no. 5
500 ## - GENERAL NOTE
General note At head of title: Commonwealth of Kentucky.
500 ## - GENERAL NOTE
General note "Revision of The school lunch program, commonwealth of Kentucky Educational bulletin, volume XI, no. 8."--Foreword.
504 ## - BIBLIOGRAPHY, ETC. NOTE
Bibliography, etc. note "A few suggested references": p. 157.
650 #0 - SUBJECT ADDED ENTRY--TOPICAL TERM
Topical term or geographic name entry element School children
General subdivision Food.
650 #0 - SUBJECT ADDED ENTRY--TOPICAL TERM
Topical term or geographic name entry element Children
General subdivision Nutrition.
830 #0 - SERIES ADDED ENTRY--UNIFORM TITLE
Uniform title Educational bulletin (Frankfort, Ky.) ;
Volume/sequential designation vol. XII, no. 5.

No items available.

Powered by Koha